Sports Quiz

Random Sports or WWE Quiz

Ultimate Wrestling Nicknames Quiz Stats

 Plays Quiz not verified by Sporcle

Challenge
Share
Tweet
Embed
Score 0/215 Timer 15:00
0 Plays Today
Promotion Name % Correct
WWEBret Hart
94.3%
WWEJimmy Hart
92.5%
WWEOwen Hart
89.2%
WWEGoldust
88.6%
WWEAndre the Giant
88.3%
WWESteve Austin
88.3%
WWEBilly Gunn
88%
WWEKane
88%
WWEChris Benoit
87.7%
WWEChris Jericho
87.7%
WWERandy Orton
87.3%
WWEShawn Michaels
87.3%
WWERandy Savage
87%
WWECody Rhodes
86.7%
WWEHulk Hogan
86.7%
WWEEddie Guerrero
86.1%
WWEBatista
85.8%
WWEEdge
85.8%
TNAKurt Angle
85.5%
WWEJake Roberts
85.2%
WWEThe Big Show
85.2%
WWETriple H
84.6%
NWA/TerritoriesMagnum TA
84.6%
WWEJimmy Snuka
84.6%
WWEJohn Cena
84.6%
WWEJerry Lawler
84.3%
WWERick Rude
84.3%
WWEBeth Phoenix
84%
WWEBrutus Beefcake
84%
WWEMark Henry
84%
WWEThe Great Khali
84%
WWEBobby Heenan
83.7%
WWESheamus
83.7%
WWEThe Rock
83.1%
WWEChyna
82.5%
WWEJim Duggan
82.5%
WWETed DiBiase
82.5%
WWEJack Swagger
82.2%
WWERoddy Piper
82.2%
WWECarlito
81.9%
WWEThe Undertaker
81.9%
WWEBrock Lesnar
81.6%
NWA/TerritoriesDusty Rhodes
81.6%
WWEBam Bam Bigelow
81.3%
WWEChris Masters
81%
WWEVicki Guerrero
80.7%
TNAJeff Hardy
80.4%
WWEBrodus Clay
80.1%
WWEJim Neidhart
80.1%
WWEMatt Hardy
80.1%
WWERazor Ramon
79.8%
WWEBilly Graham
79.5%
WWEAhmed Johnson
78.9%
WWETajiri
78.3%
WWEAdrian Adonis
78%
WWEPaul Orndorff
78%
WWEBrian Pillman
77.7%
TNARob Van Dam
77.7%
WWEUmaga
77.1%
WWECM Punk
76.8%
WWEHeath Slater
76.5%
WWERick Martel
76.5%
WWESherri Martel
76.5%
ECWSabu
75.6%
WCW Scott Steiner
75.6%
WWEGreg Valentine
75.3%
WWEGeorge Steele
75%
WWEJesse Ventura
75%
WWEAkeem
74.4%
TNASamoa Joe
73.8%
WCW Kevin Nash
73.8%
WWEDolph Ziggler
73.5%
Promotion Name % Correct
WWESteve Blackman
73.5%
TNASting
73.5%
WCW Rick Steiner
73.5%
WWERocky Johnson
73.5%
WWEFreddie Blassie
73.2%
WWEKen Shamrock
73.2%
WCW Ric Flair
73.2%
ECWTommy Dreamer
72.9%
WWEKamala
72%
TNAAJ Styles
71.1%
WWEVal Venis
70.8%
WWEKama
70.4%
WWEDamien Sandow
70.2%
WWEMick Foley
69.9%
ECWTaz
69.9%
WCWArn Anderson
69.9%
WWEFinlay
69.6%
WWEChristian
69.3%
WWEHardcore Holly
69.3%
WWEShelton Benjamin
69.3%
WWEViscera
69%
WWEKoko B Ware
68.7%
TNAMr Anderson
68.4%
TNAJames Storm
68.1%
TNAPetey Williams
67.8%
WCW Steve Williams
67.2%
ECWLance Storm
65.1%
ROHLow Ki
64.8%
TNAJeff Jarrett
64.5%
TNARon Killings
63.6%
ECWNew Jack
63%
WWEMontel Vontavious Porter
62.7%
WCWBuff Bagwell
62.7%
WCW Lex Luger
62.7%
ROHBryan Danielson
62.3%
WWELita
61.7%
ECWShane Douglas
61.7%
TNAChristopher Daniels
61.7%
WWEMarc Mero
59.6%
NWA/TerritoriesTerry Funk
59.6%
NWA/TerritoriesDick Slater
58.9%
TNAJay Lethal
58.7%
WWEVince McMahon
58.1%
WWEVader
57.8%
WWEVladimir Kozlov
57.8%
TNAMonty Brown
57.5%
WCWErnest Miller
57.3%
WWEPete Maivia
57.1%
WWEErnie Ladd
56.4%
WWEZack Ryder
56.3%
WWEDon Muraco
56%
TNAAbyss
55.4%
NWA/TerritoriesIvan Koloff
55.4%
WCW Nikita Koloff
55.4%
ROHClaudio Castagnoli
55.4%
WCWBilly Kidman
54.2%
ECWRhino
53.9%
TNAMatt Morgan
53.9%
WWEBruno Sammartino
53.8%
WWEJohn Morrison
53.6%
WWELanny Poffo
53.3%
WWESid
53%
WCWDean Malenko
53%
WWEIvan Putski
53%
WWEAldo Montoya
51.6%
WWEWilliam Regal
51.3%
ECWPaul Heyman
50.6%
WWELou Albano
50.2%
WWEDrew McIntyre
49.7%
WCW Michael Hayes
48.5%
TNAD'Angelo Dinero
47.9%
WWERey Mysterio
47.3%
Promotion Name % Correct
TNAHernandez
47.3%
WWETony Atlas
47.3%
NWA/TerritoriesAbdullah the Butcher
45.4%
WWEDino Bravo
44.6%
WWEJinder Mahal
44.6%
ECWSuper Crazy
44.3%
TNAChris Harris
44.3%
WCW Kevin Sullivan
43.7%
WWEMelina
42.4%
WCWSteve McMichael
41.9%
WWELudvig Borga
41%
NWA/TerritoriesMaurice Vachon
40.4%
WWETerri
40.4%
TNAShannon Moore
40.4%
WWEWade Barrett
40.1%
TNAAustin Aries
39.8%
WCWDiamond Dallas Page
39.8%
WWERon Bass
39.6%
ROHDavey Richards
39.5%
ROHHomicide
39.5%
NWA/TerritoriesKerry Von Erich
39.1%
TNABobby Roode
38.9%
ECW Mike Awesome
38.3%
NWA/TerritoriesDavid Von Erich
37.8%
ECWJerry Lynn
37.7%
WCW Juventud Guerrera
37.7%
WCWEddie Gilbert
37.3%
NWA/TerritoriesTommy Rich
37.1%
ROHEl Generico
37%
ECWSteve Corino
36.7%
NWA/TerritoriesBob Armstrong
36%
WWENikolai Volkoff
35.6%
NWA/TerritoriesKevin Von Erich
35.1%
WCWTerry Gordy
35.1%
WCWBobby Eaton
34.4%
NWA/TerritoriesBuddy Rose
33.9%
WWEAl Snow
32.4%
ECWChris Candido
30.7%
WCWTom Zenk
30.7%
WWEAlberto Del Rio
30.1%
NWA/TerritoriesStan Hansen
29.3%
TNAKazarian
29.2%
ROHKevin Steen
28.6%
TNATyson Tomko
28.6%
NWA/TerritoriesJimmy Valiant
28.1%
ROHRoderick Strong
28%
NWA/TerritoriesRonnie Garvin
27.6%
NWA/TerritoriesJimmy Garvin
27.2%
NWA/TerritoriesHarley Race
27.1%
WWEKen Patera
26.1%
NWA/TerritoriesChris Adams
25.4%
WCWLa Parka
24.8%
WCW Kanyon
24.7%
ROHEddie Edwards
24.4%
NWA/TerritoriesTerry Taylor
24.1%
WCWScott Norton
22.8%
WCWNorman Smiley
22.5%
NWA/TerritoriesRay Stevens
22.2%
WCW The Great Muta
22%
ECWMikey Whipwreck
21%
WWEYoshi Tatsu
20.8%
NWA/TerritoriesManny Fernandez
20.1%
ROHJimmy Jacobs
18.7%
WCW Ron Simmons
18.1%
NWA/TerritoriesDick Murdoch
17.9%
NWA/TerritoriesNick Bockwinkel
13.8%
WWEJamie Noble
13.3%
WCWBarry Windham
13.3%
NWA/TerritoriesTully Blanchard
10.2%
NWA/TerritoriesAustin Idol
9.3%
WWEPat Patterson
5.3%

You're not logged in!

Compare scores with friends on all Sporcle quizzes.
OR
Log In

You Might Also Like...

Show Comments

Extras

Top Quizzes Today


Score Distribution

Your Account Isn't Verified!

In order to create a playlist on Sporcle, you need to verify the email address you used during registration. Go to your Sporcle Settings to finish the process.

Report this User

Report this user for behavior that violates our Community Guidelines.

Details: